000 00649nam a2200193Ia 4500
008 151119s9999||||xx |||||||||||||| ||und||
082 _a294
082 _bGKKV22232
100 _aरानडे गोविंदस्वामी
245 _aआर्यांचे स्वाहाकार
260 _a--
260 _b--
260 _c0
600 _aरानडे गोविंदस्वामी
630 _aआर्यांचे स्वाहाकार
700 _aरानडे गोविंदस्वामी
730 _aआर्यांचे स्वाहाकार
942 _cBOOK
999 _c1074984
_d1074981